000 00524nam a2200205Ia 4500
003 OSt
005 20230516155112.0
008 210423s2014 xx 000 0 und d
020 _a9789350945469
040 _cAL
041 _aeng
082 _a574.19202 AGAB
_223
100 _aAGARWAL (B M);others.
_9105394
245 _aGate 2014: biotechnology.
260 _aNew Delhi
_bArihant Publications Ltd
_c2014
300 _a611
_bPB
365 _b635
_cINR
906 _a2014: ; biotechnology. ; Gate
942 _2ddc
_cBK
999 _c164840
_d164840